| 000 | 00540nam a22001817a 4500 | ||
|---|---|---|---|
| 005 | 20251108165013.0 | ||
| 008 | 250721s1982 xx 000 0 ara d | ||
| 082 | 1 | 4 | _a530.11/معن |
| 100 | 1 | _aالنقري، معن | |
| 245 | 1 | 0 | _aالفيزياء النسبية و الفلسفة / |
| 264 | 1 |
_aبيروت : _bدار الحقائق، _c1982. |
|
| 300 | _a167ص | ||
| 490 | 0 | _aتأملات في الفكر العلمي المعاصر | |
| 650 | 1 | 7 | _aالفيزياء |
| 650 | 1 | 7 | _aالنسبية |
| 942 |
_2ddc _cBK |
||
| 999 |
_c19641 _d19641 |
||